Korea and the international business community
Na minha lista:
| Formato: | Livro |
|---|---|
| Idioma: | Undetermined |
| Publicado em: |
Seoul
Speakers' Papers
1977
|
| Assuntos: | |
| Tags: |
Adicionar Tag
Sem tags, seja o primeiro a adicionar uma tag!
|
| Thư viện lưu trữ: | Trung tâm Học liệu Trường Đại học Cần Thơ |
|---|
| LEADER | 00505nam a2200169Ia 4500 | ||
|---|---|---|---|
| 001 | CTU_105649 | ||
| 008 | 210402s9999 xx 000 0 und d | ||
| 082 | |a 338.8519 | ||
| 082 | |b K84 | ||
| 245 | 0 | |a Korea and the international business community | |
| 260 | |a Seoul | ||
| 260 | |b Speakers' Papers | ||
| 260 | |c 1977 | ||
| 650 | |a International business enterprises,International trade | ||
| 650 | |x Periodicals,Periodicals | ||
| 904 | |i Hiếu | ||
| 980 | |a Trung tâm Học liệu Trường Đại học Cần Thơ | ||